Country Code - Europe - Map Quiz - Statistics

General Stats
  • This quiz has been taken 6 times
  • The average score is 10 of 45
Answers on the Map
Answers color-coded by a green-red scale on the quiz's map according to % correct below.
 
Answer Stats
Answer % Correct
+358
75%
+375
75%
+46
75%
+32
50%
+33
50%
+47
50%
+48
50%
+31
25%
+34
25%
+351
25%
+352
25%
+353
25%
+354
25%
+370
25%
+371
25%
+372
25%
+373
25%
+376
25%
+377
25%
+378
25%
+379
25%
+380
25%
+39
25%
+40
25%
+41
25%
+423
25%
+43
25%
+44
25%
+45
25%
+49
25%
+7
25%
+30
0%
+355
0%
+356
0%
+359
0%
+36
0%
+381
0%
+382
0%
+383
0%
+385
0%
+386
0%
+387
0%
+389
0%
+420
0%
+421
0%
No matching quizzes found
Score Distribution
Percent of People with Each Score
Percentile by Number Answered
Your Score History
You have not taken this quiz